000 00260nam a22000977a 4500
008 221031b |||||||| |||| 00| 0 eng d
020 _a9781447262794
100 _aBLYTON GUID
_97607
245 _aTHE MOUNTAIN OF ADVENTURE
260 _aLONDON
_bMACMILLAN BOOKS
_c2014
999 _c12115
_d12115